01175cam a22003251a 4500001001300000003000400013005001700017008004100034010001700075035002000092040002400112043001200136050001600148070002000164072000900184100004700193245013600240260005800376300004800434490006600482500001900548500004800567500002800615650003100643650001800674700003100692700004300723830006800766999001500834agr39000014 DLC20260227110957.0850807s1938 dcubf b f000 0 eng  aagr39000014  a(OCoLC)12355954 aDLCcOYUdDNALdDLC an-usu--00aSB401b.S550 a1bAg84C no.492 0aJ5001 aSkinner, J. J.q(Joshua John),d1882-1969.10aPecan soils of the gulf and southeastern states and maintenance of their fertility /cby J.J. Skinner, E.D. Fowler, and A.O. Alben. aWashington, D.C. :bU.S. Dept. of Agriculture,c1938. a24 p., [1] leaf of plates :bmaps ;c23 cm.1 aCircular / United States Department of Agriculture ;vno. 492 aCaption title. aContribution from Bureau of Plant Industry. aBibliography: p. 22-24. 0aPecanxSoilsxFertilizers. 0aPecanxSoils.1 aAlben, Arthur Otto,d1895-1 aFowler, Earl D.q(Earl Donald),d1890- 0aCircular (United States. Department of Agriculture) ;vno. 492. c9923d9923